Robloxian Automatic Subway 2 Stations - Statistics

General Stats
  • This quiz has been taken 25 times
  • The average score is 66 of 103
Answer Stats
Line Answer % Correct
5 - Orange | 9 - Yellowgreen Central Railway Station
91%
2 - Red | 4 - Green Airport
82%
12 - Puxton Express | 14 - Southwest 2 Borek 1
82%
14 - Southwest 2 Borek 2
82%
10 - Brown | 2 - Red Clarie Plaza
82%
14 - Southwest 2 | 7 - Magenta Enso
82%
1 - Blue | 2 - Red | 3 - Yellow Greenroad
82%
4 - Green | 7 - Magenta Main Library
82%
13 - Southwest 1 | 9 - Yellowgreen Main Road South End
82%
6 - Light Blue Point
82%
12 - Puxton Express | 5 - Orange Puxton Bridge
82%
12 - Puxton Express | 13 - Southwest 1 Puxton Bridge West
82%
6 - Light Blue Sokol
82%
10 - Brown South Paw
82%
1 - Blue | 3 - Yellow Teapot Factory
82%
4 - Green | 6 - Light Blue Technical University
82%
14 - Southwest 2 | 15 - Tsopa 1 | 16 - Tsopa 2 | 17 - Tsopa 3 Tsopa
82%
2 - Red | 5 - Orange Aviapolis
73%
3 - Yellow | 5 - Orange | C1 - Buckwheat Rail Buckwheat Ridge
73%
1 - Blue | 4 - Green East Islands
73%
3 - Yellow | 6 - Light Blue East Ship Terminal
73%
14 - Southwest 2 Haru
73%
1 - Blue High Suburbs
73%
13 - Southwest 1 | 14 - Southwest 2 Koslan Park
73%
13 - Southwest 1 Koslan School
73%
7 - Magenta North Cape
73%
4 - Green North Island
73%
4 - Green Parkway
73%
10 - Brown Technopolis
73%
10 - Brown | C2 - Mountain Cable Car Alankovuori
64%
6 - Light Blue | 9 - Yellowgreen Arkaden Plaza
64%
5 - Orange | 7 - Magenta City Center
64%
13 - Southwest 1 Corona
64%
2 - Red | 5 - Orange Duck Pond
64%
11 - Mountain | C2 - Mountain Cable Car Köysirataasema
64%
10 - Brown | 9 - Yellowgreen Lenmarket
64%
1 - Blue | 2 - Red Medical Center
64%
10 - Brown Nala
64%
14 - Southwest 2 Post Office
64%
1 - Blue | 7 - Magenta Silverville
64%
7 - Magenta Canol
55%
1 - Blue | 4 - Green Central Park
55%
8 - Island East Station
55%
11 - Mountain Funikulaariasema
55%
8 - Island Harbour
55%
11 - Mountain Kauppakeskus
55%
13 - Southwest 1 Maple Garden
55%
5 - Orange Mesto
55%
3 - Yellow | 7 - Magenta Old Market
55%
8 - Island Quietlife
55%
3 - Yellow Westend
55%
8 - Island West Station
55%
8 - Island Katon
45%
11 - Mountain Länsimäki Itä
45%
11 - Mountain Länsimäki Länsi
45%
15 - Tsopa 1 Liepa
45%
16 - Tsopa 2 Määttä
45%
17 - Tsopa 3 Orlan
45%
11 - Mountain Tornit
45%
9 - Yellowgreen Cathedral
36%
17 - Tsopa 3 [Tsopa-Orlan 1]
36%
17 - Tsopa 3 [Tsopa-Orlan 2]
36%
15 - Tsopa 1 [Tsopa-Liepa 1]
27%
15 - Tsopa 1 [Tsopa-Liepa 2]
27%
16 - Tsopa 2 [Tsopa-Määttä 1]
27%
16 - Tsopa 2 [Tsopa-Määttä 2]
27%
16 - Tsopa 2 [Tsopa-Määttä 3]
27%
16 - Tsopa 2 [Tsopa-Määttä 4]
27%
15 - Tsopa 1 | C3 - Hill Cable Car Hill
18%
C3 - Hill Cable Car Hill Town
9%
No matching quizzes found
Score Distribution
Percent of People with Each Score
Percentile by Number Answered
Your Score History
You have not taken this quiz